000 00718cam a22002411 4500
001 sa 64001016
003 DLC
005 20260227111959.0
008 810812s1962 ii f000 0 eng
010 _asa 64001016
035 _a(OCoLC)7663047
040 _aDLC
_cMnSU
_dDLC
042 _apremarc
043 _aa-ii---
050 0 0 _aHD2075.M24
_bA5
110 1 _aIndia.
_bDirectorate of Economics and Statistics.
245 1 0 _aMaharashtra & Gujarat agricultural statistics.
260 _aDelhi,
_bManager of Publications,
_c1962 [cover 1963]
300 _aix, 433 p.
_c25 cm.
500 _a"Corrigenda": 2 p. inserted.
650 0 _aAgriculture
_zIndia
_zMaharashtra.
650 0 _aAgriculture
_zIndia
_zGujarat.
999 _c56519
_d56519